<?xml version="1.0" encoding="UTF-8"?>
<record
    xmlns:xsi="http://www.w3.org/2001/XMLSchema-instance"
    xsi:schemaLocation="http://www.loc.gov/MARC21/slim http://www.loc.gov/standards/marcxml/schema/MARC21slim.xsd"
    xmlns="http://www.loc.gov/MARC21/slim">

  <leader>00615nam a2200193 i 4500</leader>
  <controlfield tag="001">190485</controlfield>
  <controlfield tag="003">ES-MaACL</controlfield>
  <controlfield tag="005">20240111193053.0</controlfield>
  <controlfield tag="008">210408s2017    sp            001 p spa d</controlfield>
  <datafield tag="100" ind1="1" ind2=" ">
    <subfield code="a">Cuesta, Maite.</subfield>
    <subfield code="9">42044</subfield>
  </datafield>
  <datafield tag="245" ind1="1" ind2="0">
    <subfield code="a">Al pasar el oasis / </subfield>
    <subfield code="c">Maite Cuesta.</subfield>
  </datafield>
  <datafield tag="250" ind1=" " ind2=" ">
    <subfield code="a">1&#xAA; ed.</subfield>
  </datafield>
  <datafield tag="260" ind1=" " ind2=" ">
    <subfield code="a">[Madrid : </subfield>
    <subfield code="b">M. Cuesta], </subfield>
    <subfield code="c">2017 (</subfield>
    <subfield code="f">Fotocomposici&#xF3;n, Jos&#xE9; Luis P&#xE9;rez)</subfield>
  </datafield>
  <datafield tag="300" ind1=" " ind2=" ">
    <subfield code="a">169 p. ; </subfield>
    <subfield code="c">21 cm.</subfield>
  </datafield>
  <datafield tag="852" ind1="4" ind2=" ">
    <subfield code="a">ES-MaACL</subfield>
    <subfield code="j">A-14689</subfield>
    <subfield code="9">197662</subfield>
    <subfield code="b">R.152388</subfield>
    <subfield code="c">DEPO1</subfield>
    <subfield code="d">Olim: N-7689</subfield>
    <subfield code="h">Donaci&#xF3;n: Maite Cuesta</subfield>
  </datafield>
  <datafield tag="903" ind1=" " ind2=" ">
    <subfield code="9">42044</subfield>
    <subfield code="a">Cuesta, Maite</subfield>
    <subfield code="e">dnr</subfield>
  </datafield>
  <datafield tag="942" ind1=" " ind2=" ">
    <subfield code="2">udc</subfield>
    <subfield code="c">MONOGRAFIA</subfield>
  </datafield>
  <datafield tag="999" ind1=" " ind2=" ">
    <subfield code="c">190485</subfield>
    <subfield code="d">190485</subfield>
  </datafield>
  <datafield tag="952" ind1=" " ind2=" ">
    <subfield code="0">0</subfield>
    <subfield code="1">0</subfield>
    <subfield code="2">udc</subfield>
    <subfield code="4">0</subfield>
    <subfield code="7">0</subfield>
    <subfield code="a">ATENEOM</subfield>
    <subfield code="b">ATENEOM</subfield>
    <subfield code="c">DEPO1</subfield>
    <subfield code="d">2021-04-08</subfield>
    <subfield code="e">DONACION</subfield>
    <subfield code="l">0</subfield>
    <subfield code="o">A-14689</subfield>
    <subfield code="p">1202511</subfield>
    <subfield code="r">2023-02-23 00:00:00</subfield>
    <subfield code="w">2023-02-23</subfield>
    <subfield code="y">MONOGRAFIA</subfield>
  </datafield>
</record>
